| 000 | 00596nam a22002297a 4500 | ||
|---|---|---|---|
| 003 | CO-BoRNBP | ||
| 005 | 20221012162206.0 | ||
| 007 | ta | ||
| 008 | 221012b col||||| |||| 00| 0 spa d | ||
| 020 | _a9788437605883 | ||
| 040 |
_aCO-BoRNBP _bspa _cCO-BoRNBP _erda |
||
| 100 |
_aFlaubert Gustave _913 |
||
| 245 | _aMadame Bovary | ||
| 250 | _a18a edición | ||
| 264 |
_aBarcelona España _bEdiciones Catedra _c2012 |
||
| 300 | _a432 | ||
| 336 |
_2rdacontenido _atexto _btxt |
||
| 337 |
_2rdamedio _asin mediación _bn |
||
| 338 |
_2rdasoporte _avolumen _bnc |
||
| 650 | _2ARMARC | ||
| 942 |
_2lcc _cBK |
||
| 999 |
_c9184 _d9184 |
||